Waves and Thermodynamics : (Record no. 149308)
[ view plain ]
| 000 -LEADER | |
|---|---|
| fixed length control field | 00661nam a22001937a 4500 |
| 005 - DATE AND TIME OF LATEST TRANSACTION | |
| control field | 20180118153927.0 |
| 010 ## - LCCN (DPL NO) | |
| LC control number | ENG-122116 |
| 020 ## - INTERNATIONAL STANDARD BOOK NUMBER | |
| International Standard Book Number | 9789352606016 |
| Terms of availability | 250.00 |
| 035 ## - SYSTEM CONTROL NUMBER | |
| System control number | EN-105648 |
| 037 ## - SOURCE OF ACQUISITION | |
| Source of stock number/acquisition | DBAD/PUB |
| 082 ## - DEWEY DECIMAL CLASSIFICATION NUMBER | |
| Classification number | 531 |
| 100 ## - MAIN ENTRY--PERSONAL NAME | |
| Personal name | Bahety,Sanjay K. |
| 245 ## - TITLE STATEMENT | |
| Title | Waves and Thermodynamics : |
| Statement of responsibility, etc | Sanjay K. Bahety |
| Remainder of title | for JEE (Main $ Advanced) / |
| 260 ## - PUBLICATION, DISTRIBUTION, ETC. (IMPRINT) | |
| Place of publication, distribution, etc | Chennai |
| Name of publisher, distributor, etc | Mc Graw Hill Education (India) Private Limited |
| Date of publication, distribution, etc | 2017 |
| 270 ## - ADDRESS | |
| Address | 444/1,Sri Ekambara Naicker Industrial Estate,Alapakkam,Porur,Tamil Nadu,India. |
| City | Chennai |
| Postal code | 600116 |
| 300 ## - PHYSICAL DESCRIPTION | |
| Extent | Various Pages. |
| Dimensions | 23cm(pbk) |
| 700 ## - ADDED ENTRY--PERSONAL NAME | |
| Personal name | Biswas,Aman |
| 942 ## - ADDED ENTRY ELEMENTS (KOHA) | |
| Source of classification or shelving scheme | Dewey Decimal Classification |
| Item type | English Books |
| Classification part | 531 |
| Call number suffix | BAH |
| Withdrawn status | Lost status | Not for loan | Collection code | Home library | Current library | Date acquired | Source of acquisition | Cost, normal purchase price | Full call number | Barcode | Copy number | Cost, replacement price | Koha item type |
|---|---|---|---|---|---|---|---|---|---|---|---|---|---|
| Non-fiction | Shahdara Branch | Shahdara Branch | 18/01/2018 | DBAD/PUB | 250.00 | 531 BAH | EN-105648 | 1 | 250.00 | English Books |
